| 000 | 01338nam0a2200337 4500 | ||
|---|---|---|---|
| 001 | RU\NLR\bibl\833227 | ||
| 005 | 20250614142400.0 | ||
| 010 |
_a5-8459-0801-9 _93000 |
||
| 021 |
_aRU _b2005-39612 _91973 |
||
| 035 | _a(NLR Aleph) 000822085 | ||
| 090 |
_a1307588 _c1307588 |
||
| 100 | _a20050822d2005 |||y0rusy50 ca | ||
| 101 | 0 | _arus | |
| 102 | _aRU | ||
| 105 | _aa ||||||||| | ||
| 200 | 1 |
_aШкола остроумия или как научиться шутить _e[технология остроты _eболее 400 остроумных выражений и цитат _eвсе или почти все о юморе и смехе] _fВиктор Биллевич |
|
| 210 |
_aМосква [и др.] _cВильямс _d2005 |
||
| 215 |
_a334 с. _cил. _d20 |
||
| 320 | _aБиблиогр.: с. 333-334 (24 назв.) | ||
| 517 | 0 | _aКак научиться шутить | |
| 606 | 1 |
_aКомическое _xв литературе _9909941 _3RU\NLR\auth\66332088 |
|
| 606 | 1 |
_aСатира и юмор _91429098 _3RU\NLR\auth\66603886 |
|
| 686 | _aШ400.175.2 | ||
| 686 | _aШ401.47 | ||
| 700 | 1 |
_aБиллевич _bВ. В. _f1947-2017 _gВиктор Всеволодович _4070 |
|
| 801 | 0 |
_aRU _bNLR _c20050822 _grcr |
|
| 801 | 1 |
_aRU _bNLR _c20050822 |
|
| 942 | _cBOOK | ||
| 980 | _aNB | ||